| 000 | 00859cam a22002411 4500 | ||
|---|---|---|---|
| 001 | gs 34001038 | ||
| 003 | DLC | ||
| 005 | 20260227111339.0 | ||
| 008 | 851121s1934 ii abf b 000 0 eng c | ||
| 010 | _ags 34001038 | ||
| 035 | _a(OCoLC)12830599 | ||
| 040 |
_aU.S. Geol. Survey. Library _cTxHR _dDLC |
||
| 042 | _apremarc | ||
| 050 | 0 | 0 |
_aQE295 _b.A4 vol.63, pt.2 |
| 100 | 1 |
_aJones, Hubert Cecil, _d1881- |
|
| 245 | 1 | 4 |
_aThe iron-ore deposits of Bihar and Orissa, _cby H. Cecil Jones. |
| 260 |
_aCalcutta, _bOffice of the Geological Survy of India, _c1934. |
||
| 300 |
_aiv, 167-302, xxv p. incl. tables. _b13-31 pl. (incl. fold. map) _c27 cm. |
||
| 410 | 2 | 0 |
_aGeological Survey of India. _tMemoirs, _vvol. LXIII, pt. 2 |
| 504 | _aBibliography: p. 300-302. | ||
| 650 | 0 |
_aIron ores _zIndia _zBihar and Orissa. |
|
| 650 | 0 |
_aGeology _zIndia _zBihar and Orissa. |
|
| 999 |
_c27155 _d27155 |
||